| 000 | 00911nam a2200265 a 4500 | ||
|---|---|---|---|
| 001 | BRCA_1994 | ||
| 005 | 20190320203629.0 | ||
| 008 | 120608s2010----fr-a######---#000-0#fre-# | ||
| 020 | _a9782878441307 | ||
| 041 | _afre | ||
| 044 | _afr | ||
| 050 | 4 |
_aNK7949 _b.F73 2010 |
|
| 100 | 1 |
_aFrance, Marie _96114 |
|
| 245 | 1 | 0 |
_aL´Heure, le Feu, la Lumière _bles bronzes du mobilier national 1800-1870 _cMarie-France, Dupuy-Baylet ; préface de Bernard Schotter. |
| 260 |
_aDijon, Francia _bFaton _c2010 |
||
| 300 |
_a349 p. _bil. a color _c29 cm. |
||
| 500 | _aIncluye índice alfabético y tablas de concordancia | ||
| 500 | _aDonación Embajada de Francia | ||
| 504 | _aBibliografía: p. 340-341 | ||
| 650 | 1 | 4 |
_aBronces dorados _y1800-1870 _zFrancia _96115 |
| 650 | 1 | 4 |
_aMobiliario nacional _ySiglo XVII _zFrancia _96116 |
| 700 | 1 |
_aBaylet, Dupuy _96117 |
|
| 700 | 1 |
_aSchotter, Bernard _96118 |
|
| 942 |
_2lcc _cB |
||
| 999 |
_c1761 _d1761 |
||